Quizzes
Events
Quiz Creation
Community
Videos
Private Events
Remove Ads
Sign In
Join for FREE
Feedback
Dark Mode
Quiz Categories
Sports
Geography
Music
Movies
Television
Just For Fun
Miscellaneous
History
Literature
Language
Science
Gaming
Entertainment
Religion
Holiday
For Kids
Quiz Lab
Recent
Popular Today
Quiz Kudos Today
Editor Picks
Curator Picks
Quizzes by...
Day
Popularity
Type
Ratings
Length
Year
Community
Subscriptions
Recent Discussions
Orange Saloon
Badges
Playlists
Quests
Create
Leaderboards
Showdown
Live 5
Trivia Bingo
Activity
Puzzle Library
Sporcle Events
Private Events
Virtual Trivia
Globe League
Become a Host
Pub Owners
SporcleCon
Opinionation
Our Games
Videos
Blog
Mobile Apps
Partnerships
Remove Ads and Go Orange
Feedback
Sports
Athletes
MLB
NBA
NHL
NFL
Soccer
Sports Teams
WWE
NCAA
Football
Premier League
Basketball
Baseball
Hockey
Golf
Tennis
Cricket
Rugby
Auto Racing
Olympics
World Cup
Sports
Athletes
MLB
NBA
NHL
NFL
Soccer
Sports Teams
WWE
NCAA
Football
Premier League
Basketball
Baseball
Hockey
Golf
Tennis
Cricket
Rugby
Auto Racing
Olympics
World Cup
Random Quiz
Search Sporcle
×
Quiz Lab
Quiz Lab
Sports
NFL
Type in answers that appear in a list
Type in answers that appear in a list
Classic
Best Score? Go Orange.
PFRA Hall of Very Good Stats
Can you name the NFL players, coaches, and contributors inducted into the Hall of Very Good by the Professional Football Researchers Assosciation?
By
metakoopa99
20m
175 Questions
63 Plays
63 Plays
63 Plays
Comments
Comments
Give Quiz Kudos
Give Quiz Kudos
-
- Ratings
hide this ad
More Info
Replay
Link that replays current quiz
Next Quiz
Link to next quiz in quiz playlist
You Got
0%
They Got
Avg Score
33%
Avg Friend Score
Upgrade to see
Score Distribution
Jump to the score distribution portion of the page
Score
0/175
Timer
20:00
0
Plays Today
Year
Name
% Correct
2022
Keith Jackson
100%
2020
Sterling Sharpe
95.5%
2019
Roger Craig
90.9%
2020
Ottis Anderson
90.9%
2018
Dick Anderson
87.9%
2020
Ed 'Too Tall' Jones
86.4%
2022
Mark Bavaro
83.3%
2022
Mark Gastineau
83.3%
2022
Bert Jones
83.3%
2022
Clay Matthews Jr.
83.3%
2007
Timmy Brown
82.3%
2011
Jerry Smith
82.3%
2014
Larry Brown
82.3%
2020
Karl Mecklenburg
81.8%
2007
Roger Brown
80.6%
2008
Jim Ray Smith
80.6%
2011
Ken Anderson
79%
2014
Ken Stabler
79%
2011
Harold Jackson
77.4%
2015
Rich Jackson
77.4%
2019
Joe Jacoby
77.3%
2021
Mike Kenn
77.3%
2021
Stanley Morgan
77.3%
2017
Cornell Green
75%
2004
Bob Hayes
74.2%
2012
Lester Hayes
74.2%
2004
Jim Marshall
72.6%
2003
Jerry Kramer
71%
2006
John Hadl
69.4%
2012
Kenny Easley
69.4%
2020
Jay Hilgenberg
68.2%
2004
John Brodie
67.7%
2012
L.C. Greenwood
67.7%
2018
Lee Roy Jordan
66.7%
2022
Lionel Taylor
66.7%
2004
Dave Robinson
66.1%
2005
Floyd Little
66.1%
2003
Johnny Robinson
64.5%
2010
Drew Pearson
64.5%
2013
Roman Gabriel
64.5%
2013
Daryle Lamonica
64.5%
2019
Deron Cherry
63.6%
2019
Abner Haynes
63.6%
2019
Ed White
63.6%
2020
Buddy Young
63.6%
2011
Cliff Branch
62.9%
2013
Donnie Shell
62.9%
2003
Carl Eller
61.3%
2009
Harold Carmichael
61.3%
2016
Joe Klecko
61.3%
2017
Todd Christensen
60%
2010
Chuck Foreman
59.7%
2003
Mick Tingelhoff
58.1%
2006
Otis Taylor
58.1%
2007
Jake Scott
58.1%
2008
Randy Gradishar
58.1%
2010
Ken Riley
58.1%
2017
Dan Reeves
57.5%
2010
Don Coryell
56.5%
Year
Name
% Correct
2012
Jack Kemp
54.8%
2006
Chuck Howley
53.2%
2016
Harvey Martin
53.2%
2004
Chris Hanburger
51.6%
2006
Alex Karras
51.6%
2009
Claude Humphrey
51.6%
2011
Cliff Harris
51.6%
2012
Curley Culp
51.6%
2010
Robert Brazile
50%
2013
Bob Kuechenberg
50%
2014
Winston Hill
50%
2015
Chuck Knox
50%
2016
Louis Wright
50%
2018
Lyle Alzado
48.5%
2011
Andy Russell
48.4%
2014
Harlon Hill
48.4%
2006
Charlie Conerly
46.8%
2009
Boyd Dowler
46.8%
2005
Tommy Nobis
45.2%
2015
Alan Ameche
43.5%
2008
Billy Wilson
41.9%
2019
Art Powell
40.9%
2010
Ed Budde
40.3%
2013
Jim Tyrer
40.3%
2014
Charley Hennigan
40.3%
2005
Tobin Rote
38.7%
2006
Kyle Rote
38.7%
2017
Bobby Boyd
37.5%
2004
Jack Butler
37.1%
2008
Buddy Parker
37.1%
2013
Mike Curtis
37.1%
2018
Earl Morrall
36.4%
2019
Everson Walls
36.4%
2021
Abe Woodson
36.4%
2003
Gino Cappelletti
35.5%
2015
Gene Washington
35.5%
2003
Gene Hickerson
33.9%
2005
Pete Retzlaff
33.9%
2016
Isiah Robertson
33.9%
2022
Matt Blair
33.3%
2022
Bucko Kilroy
33.3%
2006
Fuzzy Thurston
32.3%
2008
Spec Sanders
32.3%
2013
Cookie Gilchrist
32.3%
2019
Joey Browner
31.8%
2021
Russ Francis
31.8%
2021
Bill Stanfill
31.8%
2003
Benny Friedman
30.6%
2003
Mac Speedie
30.6%
2014
Nolan Cromwell
30.6%
2004
Duke Slater
29%
2005
Del Shofner
29%
2012
Bill Bergey
29%
2013
Lemar Parrish
29%
2003
Pat Fischer
27.4%
2006
Dick Stanfel
27.4%
2007
Frankie Albert
27.4%
2016
Don Perkins
27.4%
2018
Fred Smerlas
27.3%
Year
Name
% Correct
2021
Grady Alderman
27.3%
2021
John Niland
27.3%
2021
Clark Shaughnessy
27.3%
2004
Billy Howton
25.8%
2005
Lavvie Dilweg
25.8%
2008
Cecil Isbell
25.8%
2011
Lou Saban
25.8%
2016
Gary Collins
25.8%
2018
Ralph Neely
24.2%
2003
Al Wistert
24.2%
2005
Maxie Baughan
22.6%
2015
Rick Casares
22.6%
2017
Joe Fortunato
22.5%
2017
Dave Grayson
22.5%
2018
Ken Gray
21.2%
2006
Eugene Lipscomb
21%
2007
Marshall Goldberg
21%
2011
Bobby Dillon
21%
2006
Deacon Dan Towler
19.4%
2007
Dick Schafrath
19.4%
2007
Ed Sprinkle
19.4%
2007
Tank Younger
19.4%
2012
Eddie Meador
19.4%
2021
Tony Latone
18.2%
2005
Jim Benton
17.7%
2008
Bob Hoernschemeyer
17.7%
2009
Blanton Collier
17.7%
2009
Verne Lewellen
17.7%
2009
Walt Sweeney
17.7%
2014
George Kunz
17.7%
2017
Bob Skoronski
17.5%
2009
Ken Kavanaugh
16.1%
2010
Ox Emerson
16.1%
2010
Jimmy Patton
16.1%
2011
Tom Sestak
16.1%
2005
Pat Harder
14.5%
2014
Larry Grantham
14.5%
2016
Jim Katcavage
14.5%
2020
Ron McDole
13.6%
2020
Richie Petitbon
13.6%
2021
Bob Vogel
13.6%
2004
Al Nesser
12.9%
2007
Jim Lee Howell
12.9%
2015
Ted Nesser
12.9%
2016
Gale Gillingham
12.9%
2004
Gene Brito
11.3%
2007
Glenn Presnell
11.3%
2013
Erich Barnes
11.3%
2005
Lou Rymkus
9.7%
2010
Riley Matheson
8.1%
2012
Ray Wietecha
8.1%
2012
Swede Youngstrom
8.1%
2008
Dick Barwegen
6.5%
2009
Bruno Banducci
6.5%
2010
Bob Gain
6.5%
2015
Bill Forester
6.5%
2016
Duane Putnam
4.8%
Quiz Playlist
Details
Report
Send in Message
Add To Playlist
More Info:
Inductees are represented by their main team.
*Indicates later induction into the Pro Football Hall of Fame.
HC stands for head coach.
Classic:
Type in answers that appear in a list
Last Updated: Apr 12, 2023
Quiz Scoreboard
CHALLENGE
Sign Up to Join the Scoreboard
Show All
Scores
Hide
Comments
May contain spoilers
Recently Published
Popular People in 1961
by mucciniale
History
6m
1-10 Letter E Words III
by El_Dandy
Language
2m
One Thing in Common: World Cities II
by knightlancer
Geography
7m
More to Explore
Quiz From the Vault
Featured Blog Post
Where Did the Easter Bunny Come From?
hide this ad
You Might Also Like...
Tags
Football Quiz
NFL Quiz
good
Hall of Fame
Player
Pro Football Hall of Fame
Today's Top Quizzes in Sports
Browse Sports
hide this ad
Today's Top Quizzes in NFL
Browse NFL
Top Contributed Quizzes in Sports
1
Les meilleurs buteurs des matchs entre le PSG et l’OM
2
Les entraîneurs de l'OM et du PSG au 21e siècle
3
FIFA Club World Cup Champions
4
2022 World Cup Stars
5
Name the Premier League winners with different clubs
6
La finale Lions - Afrique du Sud 2021
7
Criteria MLB: Left Handed Sluggers
8
Players with Multiple 50 Home Run Seasons
9
MLB Players with Two .350 Batting Average Seasons
10
MLB Hall of Famer by Rings
Explore More
Trending Topics
Disney
Kpop
Anime
NBA
Harry Potter
Crossword
Marvel
Puzzle
Pokémon
NFL
Song
The Office
Soccer
Country
WWE
hide this ad
More By:
metakoopa99
Quiz
Plays
Rating
Category
Featured
Created
10 to 1: Classic Rock Songs
278,426
4.55
Music
Feb 15, 2016
10 to 1: Classic Rock Songs II
206,142
4.66
Music
Feb 15, 2016
10 to 1: Classic Rock Songs III
137,214
4.55
Music
Aug 29, 2016
Subcategory Multiple Choice: Sports
128,582
4.10
Sports
Sep 4, 2016
10 to 1: Classic Rock Songs IV
126,066
4.57
Music
Sep 25, 2016
Go to Creator's Profile
Score Distribution
Quiz Creator Spotlight
metakoopa99
Follow
Send a Message
Quizzes Created
-
Created Quiz Play Count
-
More By This Creator
Popular Quizzes Today
1
Find the US States - No Outlines Minefield
2
Find the Countries of Europe - No Outlines Minefield
3
The Countries of the World
4
Popular People in 1961
5
1-10 Letter E Words III
6
Find the US States
7
One Thing in Common: World Cities II
8
US States
More Sports Quizzes
MLB American League MVPs (1970s)
Published
Trending Quizzes
Risky Map Clicking: Least Populous States A-Z
1-10 Letter F Words
1-10 Letter G Words
One Thing in Common: United Kingdom
Risky Map Clicking: Next State Alphabetically
Recently Updated
Leaping Animals
pecheneg
Reality TV Shows (A-Z)
bhenderson79
Rickey Henderson's Hall of Fame Teammates
pecheneg
Champions League XIs: Arsenal
pecheneg
Quick Pick: Celebrities in WWE's Hall of Fame
aduchscher
A-Z Keypad Blitz II
pecheneg
Multiple Oscar Actors
pecheneg
Mystery Phrase Blitz: Oscar 'Best Actors'
pecheneg
F. Scott Fitzgerald Novels
LTH
Pick 3 Villains
ddd62291
Trending Topics
Disney
Anime
Marvel
Crossword
Kpop
Harry Potter
NBA
WWE
Country
NFL
Puzzle
Pokémon
Soccer
Song
The Office
Your Account Isn't Verified!
In order to create a playlist on Sporcle, you need to verify the email address you used during registration. Go to your
Sporcle Settings
to finish the process.
Report this User
Report this user for behavior that violates our
Community Guidelines
.
Details:
Send Report
Go to the Sporcle.com Mobile Site →
Comments